Riadenie demonštračného pracoviska Profibus

Guardado en:
Detalles Bibliográficos
Otros Autores: Drahoš, Peter (Orientador)
Formato: Manuscrito Libro
Lenguaje:eslovaco
Publicado: Bratislava : STU v Bratislave FEI, 2007
Materias:
Etiquetas: Agregar Etiqueta
Sin Etiquetas, Sea el primero en etiquetar este registro!

MARC

LEADER 00000ntm a22000003a 4500
001 stu142958
005 20160719165038.3
008 070702s2007----xo------------------slo-d
040 |a STU  |b slo 
041 0 |a slo 
044 |a xo 
100 1 |a Drahoš, Peter  |4 ths  |u E010  |T FEI Ústav riadenia a priemyselnej informatiky  |X 3709  |U E010  |Y E010  |7 A000003709 
245 1 |a Riadenie demonštračného pracoviska Profibus 
260 |a Bratislava :  |b STU v Bratislave FEI,  |c 2007 
300 |a 105 s 
650 7 |a automatizácia  |2 stusub 
650 7 |a robotika  |2 stusub 
650 7 |a vizualizácia  |2 stusub 
650 7 |a Pracovisko  |2 stusub